O kolektívnych zmluvách

Bibliographic Details
Main Authors: Šubrt, Bořivoj (Author), (mk) (Author)
Format: Article
Language:Slovak
Subjects:

MARC

LEADER 00000nab a2200000 a 4500
001 vtls000358286
003 SK-MaSNL
005 20260302223642.0
008 111201c1989 xo 0 slo
015 |a SNBRB19rr/mm-uuuuu 
035 |a CL0358408 
040 |a SNKBUCL  |b slo  |c SNKBUCL  |e AACR2 
041 0 |a slo 
044 |a xo  |c SK 
080 |a 331.116.3  |2 1981 
100 1 |a Šubrt, Bořivoj  |4 aut  |9 375628 
245 1 0 |a O kolektívnych zmluvách  |c Bořivoj Šubrt, (mk) 
650 0 7 |a zmluvy kolektívne  |2 snkbucl  |9 306671 
655 7 |a články z novín a časopisov  |2 snkbucl  |9 267496 
700 1 |a (mk)  |4 aut  |9 809280 
773 0 |t Práca  |g Roč. 44, č. 186 (9. 8. 1989), s. 1 a 2 
850 |a Slovenská národná knižnica v Martine  |a MTA001 
852 |a SNK  |b KIS3GCP 
958 |a RK 
992 |a RBX 
999 |c 1521260  |d 1523190